10 Greatest Generals of all Time (According to Maths) - Statistics

General Stats
  • This quiz has been taken 1,854 times
  • The average score is 4 of 10
Answer Stats
Answer % Correct
1 Napoleon
96%
10 Alexander the Great
72%
2 Julius Caesar
70%
6 Hannibal
50%
7 Ulysses S. Grant
44%
3 Arthur Wellesley
43%
9 Georgy Zhukov
29%
8 Frederick the Great
17%
5 Khalid Ibn al-Walid
12%
4 Takeda Shingen
4%
No matching quizzes found
Score Distribution
Percent of People with Each Score
Percentile by Number Answered
Your Score History
You have not taken this quiz